01051aab a2200193 4500001001000000003001000010005001700020008004100037022001400078040004100092041000800133100003000141245004600171300006000217520044000277546002300717653002700740773009000767768714001CO-MdFUSB20240612124014.0170512s1996 cr ||||| |||| 00| 0 spa d a1409-1968 aCO-MdFUSBbspacCO-MdFUSBdCO-MdFUSB aspa1 aWittig, Randall M.eautor10aCómo ganar hombresc/ Randall M. Wittig aVolumen 13. Número 4 (1996), páginas 5-10c: 27 cm. aPara ganar hombres hay que desarrollar un programa especial, un programa que tome en cuenta las realidades y necesidades de los hombres. En este artículo se habla sobre varios conceptos vitales para tener en cuenta al momento de crear un programa para hombres: Un mensaje que enfatiza la responsabilidad del hombre, que lo llama a la excelencia y que le presenta las demandas y el desafío del evangelio, atraerá a los hombres.  aTexto en español aProgramas para hombres0 tApuntes Pastorales049442gVolumen 13. Número 4 (1996), páginas 5-10qPágina 5